000 00280nam a22001337a 4500
008 170731b xxu||||| |||| 00| 0 eng d
020 _a9780980576856
041 _aeng
080 _a004
100 _a32
101 _aSHKI
245 _aJQUERY
_cCASTELDINE, E
942 _2udc
_cBK
999 _c22183
_d22183